Materialista és antiklerikális hagyományainkból
Elmentve itt :
| Szerző: | |
|---|---|
| További közreműködők: | |
| Adatforrás: | Philobibl |
| Dokumentumtípus: | Könyv |
| Nyelv: | magyar |
| Megjelent: |
Bp.
1955
|
| LEADER | 00351nam a2200121 c 4500 | ||
|---|---|---|---|
| 001 | bibDOK00021164 | ||
| 005 | 20200924121528.3 | ||
| 008 | 060518s1955 hu hun | ||
| 100 | 1 | |a Balogh Elemér | |
| 245 | 1 | 0 | |a Materialista és antiklerikális hagyományainkból |c Balogh Elemér ; Lajtha Kálmán |
| 260 | |a Bp. |c 1955 | ||
| 300 | |a 91 p. p. | ||
| 700 | 1 | |a Lajtha Kálmán | |